Landen die de meeste veldslagen wonnen - Statistieken

Algemene statistieken
  • Deze quiz is 40 keer genomen
  • De gemiddelde score is 20 van 24
Antwoordstatistieken
Gewonnen veldslagen Land / Rijk % Correct
244 China
100%
1115 Frankrijk
100%
391 Italie / Romeinse Rijk
100%
114 Nederland
100%
491 Rusland / Sovjet Unie
100%
961 Verenigde Staten
100%
1105 Verenigd Koninkrijk
100%
560 Duitsland / Pruisen / Heilig Roomse Rijk
93%
183 Japan
93%
387 Spanje
87%
89 Griekenland
83%
110 Portugal
83%
317 Turkije / Ottomaanse Rijk / Byzantijnse Rijk
83%
165 Zweden
80%
93 India / Mogolrijken
77%
82 Canada
73%
102 Iran / Perzie
73%
92 Mongolie
73%
79 Denemarken
70%
76 Egypte
70%
344 Polen
70%
209 Oostenrijk
67%
137 Australie
60%
78 Korea
37%
Geen overeenkomende quizzen gevonden
Scoreverdeling
Procent van Mensen met Elke Score
Percentiel versus Aantal Correcte Antwoorden
Uw Scoregeschiedenis
U heeft deze quiz nog niet genomen